First overall NFL draft picks since 2000 - Statistics

General Stats
  • This quiz has been taken 34 times
  • The average score is 17 of 22
Answer Stats
Year Team College Player % Correct
2020 Bengals LSU Joe Burrow
100%
2021 Jaguars Clemson Trevor Lawrence
100%
2019 Cardinals Oklahoma Kyler Murray
97%
2018 Browns Oklahoma Baker Mayfield
94%
2011 Panthers Auburn Cam Newton
94%
2015 Buccaneers Florida State Jameis Winston
94%
2016 Rams California Jared Goff
90%
2009 Lions Georgia Matthew Stafford
90%
2017 Browns Texas A&M Myles Garrett
90%
2012 Colts Stanford Andrew Luck
87%
2004 Chargers Ole Miss Eli Manning
84%
2014 Texans South Carolina Jadeveon Clowney
84%
2007 Raiders LSU JaMarcus Russell
77%
2001 Falcons Virginia Tech Michael Vick
77%
2002 Texans Fresno St David Carr
74%
2010 Rams Oklahoma Sam Bradford
74%
2013 Chiefs Central Michigan Eric Fisher
71%
2005 49ers Utah Alex Smith
68%
2003 Bengals USC Carson Palmer
65%
2008 Dolphins Michigan Jake Long
48%
2006 Texans North Carolina St Mario Williams
45%
2000 Browns Penn St Courtney Brown
42%
No matching quizzes found
Score Distribution
Percent of People with Each Score
Percentile by Number Answered
Your Score History
You have not taken this quiz